00645 2200205 4500001002100000005001700021008004100038035002500079082001000104090001600114111006200130245009500192250001100287260002900298300002900327500002500356650003200381850001200413990001400425INLIS00000000000709420150626082101.0 ind  a0010-061500000001215 a907.2 a907.2 Sem S aSeminar Sejarah Nasional ke 4 Yogyakarta, 16-19 Des. 1985 aSub tema pendidikan sejarah /cSeminar ke 4 Sejarah Nasional 16-19 Des. 1985 di Yogyakarta aCet. 1 aJakartabDepdikbudc1991 axv, 331 hlmbilusc21 cm aTermasuk bibliografi aSejarah Indonesia - Seminar aYOPDYOG a2553-PK/A